000
00240 a2200097 4500
001
35848
100
_a
Stremler F G
245
_a
Introduction to communication systems
260
_a
London
_b
Addison Wesley Pub Co
_c
090
_c
23458
_d
23458
942
_a
NUST-CAE
_c
M
_c
14956
999
_c
270921
_d
270921